[Event "Heroes Day Cup Masters"]
[Site "Bridgetown BAR"]
[Date "2009.05.01"]
[Round "5"]
[White "Neubauer,M"]
[Black "Shabalov,A"]
[Result "0-1"]
[WhiteElo "2414"]
[BlackElo "2569"]

1.Nf3 d5 2.g3 Bg4 3.Bg2 Nd7 4.d4 e6 5.O-O Bd6 6.Nbd2 f5 7.c4 c6 8.Qb3 Rb8
9.Re1 Nh6 10.cxd5 cxd5 11.h3 Bh5 12.e4 fxe4 13.Ng5 Bf7 14.Ndxe4 dxe4 15.Nxe6 Bxe6
16.Qxe6+ Be7 17.Bxh6 gxh6 18.Rxe4 Rf8 19.Bf1 b5 20.Rc1 Rf7 21.d5 Kf8 22.d6 Bf6
23.Qd5 Qb6 24.Be2 Be5 25.Bh5 Qxf2+ 26.Kh1 Rf5 27.Qe6 Rxh5 28.Qxd7 Qf3+ 29.Kg1 Qxg3+
30.Kf1 Qf3+ 31.Kg1 Rg5+ 32.Rg4 Bd4+ 33.Kh2 Qf2+  0-1

[Event "TOP 16 GpB"]
[Site "Chalons en Champagne FRA"]
[Date "2009.05.01"]
[Round "5"]
[White "Meier,Geo"]
[Black "Prie,E"]
[Result "1-0"]
[WhiteElo "2641"]
[BlackElo "2504"]

1.Nf3 d5 2.g3 Bg4 3.Bg2 Nd7 4.c4 c6 5.cxd5 cxd5 6.Nc3 e6 7.O-O Ngf6 8.Qb3 Bxf3
9.Bxf3 Qb6 10.Qxb6 Nxb6 11.d3 Rc8 12.Be3 Nfd7 13.Rfc1 a6 14.a4 Rc6 15.a5 Nc8
16.Nxd5 exd5 17.Bxd5 Ne7 18.Bxc6 Nxc6 19.Rc3 Bd6 20.Rb3 Nd8 21.Rc1 Ke7 22.d4 Re8
23.d5 h6 24.Bd4 f6 25.f4 Kf7 26.Rc8 g5 27.e3 Ke7 28.Kg2 Rf8 29.Kf3 Ne5+ 30.Ke2 Nef7
31.h3 Kd7 32.Ra8 f5 33.Kf3 Re8 34.Bb6 Bc7 35.Rc3 Bxb6 36.axb6 Kd6 37.Rc7 Re7
38.Rac8 gxf4 39.Rxe7 Kxe7 40.Kxf4 Nd6 41.Rc7+ Kf6 42.g4 fxg4 43.hxg4 N8f7
44.Rd7 Nc4 45.Rxb7 Nfe5 46.b3 Nd3+ 47.Kf3 Nce5+ 48.Kg3 Nc5 49.Rc7  1-0

[Event "11th Dubai Open"]
[Site "Dubai UAE"]
[Date "2009.05.02"]
[Round "6"]
[White "AlHuwar,J"]
[Black "Kayumov,S"]
[Result "0-1"]
[WhiteElo "2293"]
[BlackElo "2450"]

1.Nf3 d5 2.g3 Nc6 3.d4 Bg4 4.Bg2 Qd7 5.Ne5 Nxe5 6.dxe5 e6 7.O-O f6 8.c4 c6
9.h3 Bh5 10.cxd5 exd5 11.Qd4 Qe6 12.Bf4 g5 13.e4 gxf4 14.exd5 Qxe5 15.Qa4 fxg3
16.dxc6 gxf2+ 17.Rxf2 b5 18.Qa6 Bc5 19.Nc3 Ne7 20.Rf1 O-O 21.Ne4 Bxf2+ 22.Rxf2 Rad8  0-1

[Event "41st TCh-ITA"]
[Site "Senigallia ITA"]
[Date "2009.05.02"]
[Round "6"]
[White "Tassi,O"]
[Black "Sabia,C"]
[Result "0-1"]
[WhiteElo "2300"]
[BlackElo "2215"]

1.Nf3 d5 2.g3 c6 3.b3 Bg4 4.Bg2 Nd7 5.Bb2 Ngf6 6.O-O e6 7.d3 Bd6 8.Nbd2 e5
9.e4 O-O 10.Re1 Re8 11.Qc1 Qc7 12.Ba3 Bxa3 13.Qxa3 a5 14.Qb2 a4 15.bxa4 Bxf3
16.Bxf3 d4 17.c3 Nc5 18.Qc2 dxc3 19.Qxc3 Nxa4 20.Qc2 Red8 21.Nb3 Qe7 22.Rab1 Nd7
23.d4 exd4 24.e5 d3 25.Qxd3 Nxe5 26.Qf5 Nxf3+ 27.Qxf3 Qg5 28.h4 Qd5 29.Qe3 Qd3
30.Qe7 Qd7 31.Qb4 b5 32.Rbc1 Rac8 33.Re7 Qf5 34.Rb7 Qf6 35.Nc5 Nxc5 36.Qxc5 h6
37.a3 Re8 38.Rb6 Re5 39.Qc2 Qf3 40.Qc3 Qd5 41.Qb2 Rce8 42.Qc3 R8e6 43.Rb8+ Kh7
44.Rb7 Rf6 45.Qc2+ g6 46.Qc3 Ref5 47.f4 Re6 48.Kf2 Rff6 49.Rc2 Qh1 50.Rd7 Qh2+
51.Kf3 Qh1+ 52.Kf2 g5 53.hxg5 hxg5 54.Re7 gxf4 55.g4 Qh4+ 56.Kf1 Rxe7  0-1

[Event "IV Tch-ESP Selecciones Autonomicas"]
[Site "Villava ESP"]
[Date "2009.05.02"]
[Round "4"]
[White "Tattersall Rodriguez,L"]
[Black "Alvarez Fernandez,E"]
[Result "1/2-1/2"]
[WhiteElo "2305"]
[BlackElo "2376"]

1.Nf3 d5 2.g3 Bf5 3.Bg2 e6 4.d3 Nf6 5.Nh4 Bg4 6.h3 Bh5 7.c4 c6 8.cxd5 Nxd5
9.Nc3 Be7 10.Nf3 Nd7 11.e4 Nxc3 12.bxc3 Nc5 13.Ke2 Qa5 14.Qc2 Qa6 15.Ke3 O-O-O
16.d4 Nxe4 17.Ne5 Nd6 18.g4 Bg6 19.Nxg6 hxg6 20.Re1 Qc4 21.Qb3 Bf6 22.Qxc4 Nxc4+
23.Kd3 Nb6 24.g5 Be7 25.Bd2 c5 26.Rab1 Rh4 27.Re4 Rxe4 28.Bxe4 e5 29.Be3 exd4
30.cxd4 f5 31.gxf6 Bxf6 32.d5 Nxd5 33.Kc4 Nxe3+ 34.fxe3 b6 35.Bxg6 Kc7 36.a4 Rh8
37.Bf5 Rh4+ 38.Kb5 Kb7 39.e4 a6+ 40.Kc4 Kc6 41.Rb3 Bd4 42.Be6 Rf4 43.Bc8 Rxe4
44.Bxa6 Bf6+ 45.Kd3 Rh4 46.Kc2 c4 47.Rb4 Kc5 48.Rb5+ Kd4 49.Rb4 Kc5 50.Rb5+ Kc6
51.Rb4 Rxh3 52.Rxc4+ Kd5 53.Rg4 Ra3 54.Bd3 Ra2+ 55.Kd1 Rh2 56.Rb4 Bc3 57.Rb5+ Kd4
58.Bg6 Ba5 59.Rg5 Rd2+ 60.Kc1 Ra2 61.Bb1 Bd2+ 62.Kd1 Bxg5 63.Bxa2 Ke3 64.Bf7 Bh4
65.Bg6 Kf4  1/2-1/2

[Event "XXII Open"]
[Site "Benidorm ESP"]
[Date "2009.05.03"]
[Round "10"]
[White "Bykhovsky,An ISR"]
[Black "Bhat,S"]
[Result "1-0"]
[WhiteElo "2466"]
[BlackElo "1820"]

1.Nf3 d5 2.g3 c6 3.Bg2 Bg4 4.O-O Nd7 5.d4 Ngf6 6.Nbd2 e6 7.Re1 Be7 8.e4 O-O
9.c3 c5 10.exd5 Nxd5 11.h3 Bh5 12.Ne4 Rc8 13.c4 N5f6 14.Nxf6+ Nxf6 15.g4 Bg6
16.Ne5 cxd4 17.Bxb7 Rc5 18.Bg2 d3 19.Nxg6 hxg6 20.Re3 Rxc4 21.Rxd3 Qc7 22.Be3 Rc8
23.b3 Rc2 24.g5 Nd5 25.Bxd5 exd5 26.Rxd5 a5 27.Qg4 Qc3 28.Rad1 Rxa2 29.Rd7 Bb4
30.Rd8+ Rxd8 31.Rxd8+ Bf8 32.Qc8 Ra1+ 33.Kg2 Qb4 34.Qc6 Kh7 35.Qa8 Kg8 36.Rc8 Qe7
37.Re8 Qb4 38.Qb8 Qa3 39.b4 Qxb4 40.Qxb4 axb4 41.Bc5 b3 42.Rxf8+ Kh7 43.Rb8 Rb1
44.Bd4 Rd1 45.Bc3 Rd3 46.Rxb3  1-0

[Event "2nd Mayors Cup"]
[Site "Mumbai IND"]
[Date "2009.05.03"]
[Round "3"]
[White "Miroshnichenko,E"]
[Black "Udeshi,A"]
[Result "1-0"]
[WhiteElo "2680"]
[BlackElo "2281"]

1.Nf3 d5 2.g3 e6 3.Bg2 c5 4.O-O Nc6 5.d4 Nf6 6.c4 Be7 7.dxc5 Bxc5 8.a3 a5
9.Nc3 O-O 10.Bg5 d4 11.Bxf6 Qxf6 12.Na4 Ba7 13.b4 e5 14.b5 Nd8 15.Nd2 Bg4
16.c5 Qe7 17.Rc1 Rc8 18.Nb3 Ne6 19.b6 Bb8 20.Qc2 Ng5 21.Nxa5 e4 22.c6 bxc6
23.Nxc6 Qxa3 24.Qc5 Qxa4 25.Ne7+ Kh8 26.Nxc8 Ne6 27.Qd5 Bxe2 28.Bxe4 Bxf1
29.Kxf1 Rd8 30.Qf5 Nf8 31.Qxf7 Qa6+ 32.Kg2 Rxc8 33.Bb7 Qa3 34.Bd5  1-0

[Event "4NCL 2008-9"]
[Site "Staverton ENG"]
[Date "2009.05.04"]
[Round "11"]
[White "Gourlay,I"]
[Black "Cernousek,L"]
[Result "0-1"]
[WhiteElo "2364"]
[BlackElo "2439"]

1.Nf3 d5 2.g3 c5 3.Bg2 Nc6 4.d4 e6 5.O-O Nf6 6.c4 dxc4 7.Qa4 Bd7 8.Qxc4 b5
9.Qd3 c4 10.Qc2 Rc8 11.Bg5 Be7 12.Nc3 Qb6 13.Rad1 O-O 14.Ne5 Rfd8 15.Nxd7 Rxd7
16.d5 Nb4 17.Qb1 Nbxd5 18.Nxd5 Nxd5 19.Bxe7 Rxe7 20.Bxd5 exd5 21.Qf5 Rc5
22.Rxd5 g6 23.Qg5 Rxd5 24.Qxe7 a6 25.Rc1 Qc6 26.e4 Rd2 27.Rc3 Qe6 28.Qxe6 fxe6
29.b3 Rxa2 30.bxc4 b4 31.Rc1 Kf7 32.c5 Ke7 33.Rd1 a5 34.c6 Rc2 35.Ra1 b3  0-1

[Event "III Open"]
[Site "La Laguna ESP"]
[Date "2009.05.06"]
[Round "3"]
[White "Movsziszian,K"]
[Black "Hernandez Leon,A"]
[Result "1-0"]
[WhiteElo "2556"]
[BlackElo "2254"]

1.g3 d5 2.Nf3 c6 3.Bg2 Nf6 4.c4 dxc4 5.Qc2 Qd5 6.Nc3 Qf5 7.e4 Qh5 8.Ne2 Bg4
9.Nf4 Qb5 10.a4 Qb3 11.Qxb3 cxb3 12.e5 Nd5 13.Ra3 Na6 14.Nxd5 cxd5 15.Rxb3 Nc5
16.Ra3 e6 17.d4 Na6 18.Rb3 Nb4 19.O-O a5 20.Bd2 h6 21.Rc1 Kd8 22.Ne1 Be2
23.Bf1 Bxf1 24.Kxf1 Rc8 25.Rxc8+ Kxc8 26.Rf3 Nc6 27.Bc3 f5 28.exf6 g5 29.g4 Kd7
30.Nd3 b6 31.Ne5+ Kc7 32.Kg2 Bd6 33.Nf7  1-0

[Event "Copenhagen Chess Challenge"]
[Site "Ballerup DEN"]
[Date "2009.05.07"]
[Round "2"]
[White "Andreasen,P"]
[Black "Pedersen,NicK"]
[Result "1-0"]
[WhiteElo "2265"]
[BlackElo "1971"]

1.g3 d5 2.Nf3 Nf6 3.Bg2 Bf5 4.O-O e6 5.b3 h6 6.Bb2 Be7 7.c4 O-O 8.d3 c6 9.Nbd2 Nbd7
10.Rc1 a5 11.a3 Bh7 12.Rc2 Qb6 13.Qa1 Rfd8 14.Bh3 Ne8 15.Rfc1 Bf6 16.cxd5 Bxb2
17.Qxb2 cxd5 18.Ne5 Nxe5 19.Qxe5 Qd6 20.Qb2 Qd7 21.Nf3 Rdc8 22.Kg2 Nd6 23.Qe5 Kf8
24.Qxd5 Rxc2 25.Rxc2 Ra6 26.Ne5 Qe8 27.Qd4 f6 28.Nc4 Qc6+ 29.Kg1 Nb5 30.Qd8+ Qe8
31.Qxe8+ Kxe8 32.Bg2 Nd4 33.Rb2 b5 34.Ne3 Ra7 35.a4 b4 36.Nc4 e5 37.Kf1 Bg8
38.e3 Bxc4 39.bxc4 Ne6 40.Ke2 Rc7 41.Ra2 Nc5 42.Bd5 Rc8 43.d4 Nb3 44.Rb2 Na1
45.Kd3 exd4 46.Rb1 dxe3 47.fxe3  1-0

[Event "Copenhagen Chess Challenge"]
[Site "Ballerup DEN"]
[Date "2009.05.07"]
[Round "2"]
[White "Danielsen,Hen"]
[Black "Carstensen,J"]
[Result "1-0"]
[WhiteElo "2482"]
[BlackElo "2331"]

1.g3 d5 2.Nf3 Nf6 3.Bg2 g6 4.d3 Bg7 5.O-O O-O 6.Nbd2 Nc6 7.e4 dxe4 8.dxe4 e5
9.c3 Qe7 10.b4 Rd8 11.Qe2 Be6 12.Bb2 Ne8 13.Rfd1 Nd6 14.Bf1 b5 15.Qe3 a5
16.a3 Rab8 17.Ne1 h5 18.Nd3 Bc4 19.Nxc4 Nxc4 20.Qe2 Rd6 21.Bc1 Nd8 22.Nb2 Rxd1
23.Qxd1 Nd6 24.Bd3 Ne6 25.Be3 Ra8 26.Bc2 Qd7 27.Bb3 axb4 28.cxb4 Nd4 29.Bxd4 exd4
30.Qd3 Kh7 31.f4 c6 32.e5 Nf5 33.Nd1 Bf8 34.Nf2 Bxb4 35.Ne4 Kg7 36.Ng5 Rxa3
37.Rxa3 Bxa3 38.Bxf7 Be7 39.Be6 Qa7 40.Bxf5 Bxg5 41.Bxg6  1-0

[Event "Copenhagen Chess Challenge"]
[Site "Ballerup DEN"]
[Date "2009.05.07"]
[Round "3"]
[White "Ivanov,MM"]
[Black "Lauridsen,Jesper"]
[Result "1-0"]
[WhiteElo "2470"]
[BlackElo "2223"]

1.Nf3 d5 2.g3 Nf6 3.Bg2 c5 4.c4 e6 5.cxd5 exd5 6.d4 Nc6 7.O-O Be7 8.dxc5 Bxc5
9.a3 O-O 10.b4 Bb6 11.Nc3 Bg4 12.Bb2 Re8 13.Na4 Ne4 14.Rc1 h5 15.Rc2 Qe7
16.Nxb6 axb6 17.b5 Na5 18.Qxd5 Rad8 19.Qe5 Qf8 20.Qf4 Nb3 21.h3 Bxf3 22.Bxf3 Ned2
23.Re1 h4 24.Bxb7 hxg3 25.Qxg3 Rd6 26.Kh1 Rg6 27.Qd3 Qe7 28.Bd5 Qh4 29.Rg1 Rxg1+
30.Kxg1 Qg5+ 31.Qg3 Qxg3+ 32.fxg3 Rd8 33.e4 Nf3+ 34.Kf2 Nfd4 35.Rc7 Ne6 36.Ra7 Nbc5
37.Ke3 Ng5 38.h4 Ngxe4 39.Bxe4 Re8 40.Ra8  1-0

[Event "Copenhagen Chess Challenge"]
[Site "Ballerup DEN"]
[Date "2009.05.08"]
[Round "4"]
[White "Grandelius,N"]
[Black "Rasmussen,A"]
[Result "1/2-1/2"]
[WhiteElo "2491"]
[BlackElo "2501"]

1.Nf3 d5 2.g3 Nf6 3.Bg2 c6 4.O-O Bg4 5.d4 Nbd7 6.Nbd2 e6 7.Re1 Bd6 8.e4 dxe4
9.Nxe4 Nxe4 10.Rxe4 Nf6 11.Re1 O-O 12.c3 h6 13.Qb3 Qc8 14.Ne5 Bf5 15.Bd2 Rd8
16.Rad1 Rb8 17.h3 Be7 18.Bf4 Nd5 19.Bd2 b5  1/2-1/2

[Event "Copenhagen Chess Challenge"]
[Site "Ballerup DEN"]
[Date "2009.05.08"]
[Round "4"]
[White "Danielsen,Hen"]
[Black "Lund,E"]
[Result "1-0"]
[WhiteElo "2482"]
[BlackElo "2430"]

1.Nf3 d5 2.g3 c6 3.Bg2 Bg4 4.d4 Nd7 5.Nbd2 e6 6.e4 dxe4 7.Nxe4 Ngf6 8.Nxf6+ Nxf6
9.O-O Bd6 10.c3 Qc7 11.Qb3 h5 12.c4 Qb6 13.Qc2 c5 14.Be3 O-O 15.Rfd1 Rad8
16.Rd2 Qc7 17.b3 b6 18.dxc5 Bxc5 19.Nd4 a6 20.h3 e5 21.Nc6 Rxd2 22.Qxd2 Bxh3
23.Bxc5 bxc5 24.Bxh3 Qxc6 25.Rd1 h4 26.Bg2 Qc8 27.gxh4 Qg4 28.Re1 Qxh4 29.Rxe5 Ng4
30.Qf4 f6 31.Bd5+ Kh8 32.Re2 g5 33.Qd6 Kg7 34.Qe7+ Kg6 35.Qxf8  1-0

[Event "Copenhagen Chess Challenge"]
[Site "Ballerup DEN"]
[Date "2009.05.08"]
[Round "5"]
[White "Pedersen,NicV"]
[Black "Kristensen,Kaa"]
[Result "1-0"]
[WhiteElo "2417"]
[BlackElo "2244"]

1.Nf3 d5 2.g3 g6 3.Bg2 Bg7 4.d4 Nf6 5.c4 c6 6.cxd5 cxd5 7.Ne5 O-O 8.O-O Be6
9.Nc3 Nbd7 10.Nd3 Nb6 11.Nc5 Qc8 12.Nxe6 Qxe6 13.Qd3 Rfd8 14.b3 Qd7 15.a4 e6
16.Bg5 Re8 17.a5 Nc8 18.Qf3 Nh5 19.g4 h6 20.Bxh6 Bxh6 21.gxh5 Nd6 22.Qg4 f5
23.Qxg6+ Qg7 24.Qxg7+ Kxg7 25.e3 Rac8 26.Na4 f4 27.exf4 Bxf4 28.Nc5 Nb5 29.Rfd1 Rc7
30.Bf1 Nd6 31.Bd3 Ree7 32.Bg6 Bg5 33.Re1 Kf6 34.Rad1 Nb5 35.b4 b6 36.axb6 axb6
37.Na4 Rc4 38.h4 Bxh4 39.Rb1 Nxd4 40.Re3  1-0

[Event "XXVIII Open"]
[Site "Zalakaros HUN"]
[Date "2009.05.08"]
[Round "1"]
[White "Feher,G"]
[Black "Kovacs,Laj2"]
[Result "0-1"]
[WhiteElo "2368"]
[BlackElo "2126"]

1.Nf3 d5 2.g3 c5 3.Bg2 Nc6 4.d4 e6 5.O-O Nf6 6.c4 Be7 7.cxd5 exd5 8.Nc3 O-O
9.Bg5 c4 10.Ne5 Be6 11.e3 Nd7 12.Bxe7 Nxe7 13.Qe2 Re8 14.Rad1 f6 15.Nf3 a6
16.e4 b5 17.Rfe1 Nb6 18.e5 f5 19.Ng5 Qd7 20.a3 h6 21.Nxe6 Qxe6 22.f4 g6 23.Bf3 Kh7
24.Kh1 Rg8 25.Rg1 Rg7 26.g4 Rag8 27.g5 Rh8 28.gxh6 Kxh6 29.Rg3 Rgh7 30.Rh3+ Kg7
31.Rxh7+ Rxh7 32.Qg2 Kf7 33.Kg1 Ke8 34.Kf2 Kd7 35.Rh1 Qf7 36.h4 Ke6 37.Kg3 Qe8
38.Qd2 Nc6 39.Nxd5 Nxd5 40.Bxd5+ Kxd5 41.Qg2+ Ke6 42.d5+ Kd7 43.dxc6+ Kc7
44.Rd1 Qxc6 45.Qxc6+ Kxc6 46.Rd6+ Kc5 47.Rxa6 Rd7 48.h5 gxh5 49.Kh4 Rd2 50.Kg5 Rxb2
51.Kxf5 c3 52.e6 Re2 53.Ra8 c2 54.e7 Kd6 55.Rc8 Kxe7 56.Kg5 Kd7 57.Rc3 Kd6
58.Kxh5 Kd5 59.f5 Kd4 60.Rc8 Kd3 61.f6 Rf2 62.Kg6 Kd2 63.Rd8+ Kc3 64.Rc8+ Kb2
65.a4 bxa4 66.Rb8+ Ka2 67.Rc8 a3 68.f7 Kb1 69.Rb8+ Kc1 70.Ra8 Kd1 71.Rd8+ Ke1
72.Re8+ Kf1 73.Rc8 Rxf7 74.Kxf7 a2 75.Rxc2 a1=Q 76.Rc6 Ke2 77.Ke6 Kd3 78.Kd5 Qa5+
79.Rc5 Qd8+ 80.Ke5 Qd4+  0-1

[Event "III Open"]
[Site "La Laguna ESP"]
[Date "2009.05.09"]
[Round "7"]
[White "Strikovic,A"]
[Black "Karim,I"]
[Result "1-0"]
[WhiteElo "2536"]
[BlackElo "2407"]

1.Nf3 d5 2.g3 Nf6 3.Bg2 c6 4.b3 Bf5 5.Bb2 h6 6.c4 e6 7.O-O Be7 8.d3 O-O 9.Nbd2 Nbd7
10.a3 a5 11.Rc1 Bh7 12.Rc2 Bd6 13.Qa1 Qe7 14.cxd5 cxd5 15.Nd4 Rfc8 16.Rfc1 Qd8
17.Nb5 Be7 18.Bd4 Rxc2 19.Rxc2 Rc8 20.Qc1 Rxc2 21.Qxc2 Nb8 22.Nf3 Nc6 23.Bc5 Nd7
24.Be3 Bg6 25.Nfd4 Nxd4 26.Bxd4 f6 27.f4 Bf7 28.Bf2 Nb8 29.d4 Qd7 30.a4 Qc6
31.Qb1 Na6 32.e4 Nb4 33.exd5 exd5 34.Be1 Qe6 35.Kf2 Bh5 36.Bf1 Qg4 37.Kg1 Qd1
38.Qf5 Bg4 39.Qg6 Nc2 40.Qe8+ Kh7 41.Qxe7 Nxe1 42.Qe3 Bh3 43.Qe2 Bg4 44.Qxd1 Bxd1
45.Kf2 Nc2 46.Nc3 Nxd4 47.Nxd1 Nxb3 48.Bg2 Nc5 49.Bxd5 Nxa4 50.Bxb7 Nc5 51.Bd5 Kg6
52.Ke3 f5 53.Kd4 Nd7 54.Be6 Nf8 55.Ke5  1-0

[Event "2nd Mayors Cup"]
[Site "Mumbai IND"]
[Date "2009.05.09"]
[Round "10"]
[White "Rahman,Zia"]
[Black "Mehar,C"]
[Result "1-0"]
[WhiteElo "2523"]
[BlackElo "2241"]

1.Nf3 d5 2.g3 Bg4 3.Bg2 Nd7 4.c4 e6 5.O-O c6 6.cxd5 exd5 7.d3 Ngf6 8.Qc2 Bd6
9.e4 O-O 10.h3 Bh5 11.Nh4 Re8 12.Nc3 dxe4 13.dxe4 Bg6 14.Nxg6 hxg6 15.f4 Nh5
16.Ne2 Nhf6 17.Kh2 Bc5 18.Nc3 Rc8 19.e5 Nd5 20.Ne4 Be7 21.h4 Nf8 22.Bh3 Ne6
23.Bxe6 fxe6 24.Nf2 Kf7 25.Nh3 Qc7 26.Bd2 Rcd8 27.Rae1 Qd7 28.h5 gxh5 29.Qh7 Rh8
30.Ng5+  1-0

[Event "Mitropa Cup"]
[Site "Rogaska Slatina SLO"]
[Date "2009.05.09"]
[Round "1"]
[White "Jenni,F"]
[Black "Caruana,F"]
[Result "1/2-1/2"]
[WhiteElo "2516"]
[BlackElo "2649"]

1.Nf3 d5 2.g3 c6 3.Bg2 Bg4 4.O-O e6 5.c4 Nd7 6.cxd5 exd5 7.d3 Ngf6 8.h3 Bh5
9.e4 dxe4 10.dxe4 Bc5 11.Qc2 O-O 12.Nc3 Re8 13.Kh2 Bxf3 14.Bxf3 Qe7 15.Bg2 Bb4
16.Bd2 Rad8 17.a3 Ba5 18.Rae1 Ne5 19.f4 Nc4 20.Bc1 Bc7 21.e5 Nd7 22.Ne4 Ncb6
23.b4 Nf8 24.Be3 Ne6 25.Bc5 Qd7 26.Rd1 Nd5 27.Nc3 Nxc5 28.Nxd5 cxd5 29.Rxd5 Qe7
30.Rxc5 Bb6 31.Rd5 Rxd5 32.Bxd5 Rd8 33.Rd1 Kh8 34.h4 g6 35.Bb3 Kg7 36.Rxd8 Qxd8
37.f5 Qc7 38.Qe4 gxf5 39.Qxf5 Qe7 40.Bc2 Kf8 41.e6 Bc7 42.Kh3 f6 43.Be4 b6
44.Qg4 Bd6 45.Bf5 a5 46.bxa5 bxa5 47.a4 Qb7 48.Qd1 Qe7 49.Qd2 Bb4 50.Qd3 Kg8
51.Qe4 Qc7 52.Bg4 Qe5 53.Qf3 Bd6 54.Bf5 Kg7 55.Kg4 Kh6 56.Qd3 Kg7 57.Qf3 Kh6
58.Qd3 Kg7 59.h5 Qc5 60.Qe4 Qe5 61.h6+ Kh8 62.Qd3 Qc5 63.Qf3 Qc8 64.Kh4 Qg8
65.Qe3 Qf8 66.Kh3 Qe8 67.Kg4 Qg8+ 68.Kh4 Qf8 69.Bd3 Bc5 70.Qf4 Bd6 71.Qd2 Bb4
72.Qe3 Bc5 73.Qe4 Qxh6+ 74.Kg4 Qg6+ 75.Kf3 Qxe4+ 76.Kxe4 Kg7 77.Kd5 Bb4 78.Kc6 Kf8
79.Kd7 h6 80.g4  1/2-1/2

[Event "Copenhagen Chess Challenge"]
[Site "Ballerup DEN"]
[Date "2009.05.10"]
[Round "8"]
[White "Berg,K"]
[Black "Holmsgaard,H"]
[Result "1-0"]
[WhiteElo "2440"]
[BlackElo "2330"]

1.Nf3 d5 2.g3 Nf6 3.Bg2 Bf5 4.d3 e6 5.O-O Be7 6.c4 c6 7.b3 h6 8.Bb2 O-O 9.Nbd2 Nbd7
10.Qc2 Bh7 11.Rac1 a5 12.a3 Qb8 13.Qb1 Rc8 14.Qa1 b5 15.cxd5 cxd5 16.Rxc8+ Qxc8
17.Rc1 Qb7 18.Nd4 Nc5 19.Rc2 Nfd7 20.Qc1 b4 21.a4 Rc8 22.h4 Nb6 23.Bh3 Bf8
24.N2f3 Qb8 25.Qe3 Nbd7 26.Rc1 e5 27.Nxe5 Re8 28.Nxd7 Nxd7 29.Qf3 Nb6 30.Rc6 Bd6
31.Nb5 Be5 32.Bxe5 Rxe5 33.Qf4  1-0

[Event "Copenhagen Chess Challenge"]
[Site "Ballerup DEN"]
[Date "2009.05.10"]
[Round "9"]
[White "Pedersen,NicV"]
[Black "Lovik,L"]
[Result "1-0"]
[WhiteElo "2417"]
[BlackElo "2289"]

1.Nf3 d5 2.g3 Nf6 3.Bg2 c6 4.O-O Nbd7 5.d4 e6 6.b3 b6 7.c4 Bb7 8.Nc3 Be7
9.Qd3 O-O 10.e4 dxe4 11.Nxe4 c5 12.Nxf6+ Nxf6 13.Rd1 cxd4 14.Nxd4 Bxg2 15.Kxg2 Bc5
16.Bb2 Rc8 17.Qf3 Qc7 18.Nb5 Qe7 19.Be5 Nd7 20.Bd6 Bxd6 21.Nxd6 Rb8 22.Nb5 a6
23.Nd4 Qc5 24.Qc6 Qe7 25.Nf5 Qf6 26.Ne7+ Qxe7 27.Rxd7 Qf6 28.Rad1 Qf5 29.Rc7 e5
30.Qf3 Qe6 31.Qd5 Qf6 32.Re1 Rfe8 33.Re3 Rbd8 34.Rf3 Rxd5 35.Rxf6 gxf6 36.cxd5 Rd8
37.Rc6 Rxd5 38.Rxb6 a5 39.Rxf6 Rd2 40.a4 Rb2 41.Rb6 e4 42.Kf1 Kg7 43.g4 Rd2
44.g5 Rd3 45.Ke2 Rh3 46.Rb5 Kg6 47.Kd2 h6 48.gxh6 Kxh6 49.Rxa5 Rxb3 50.Re5 Ra3
51.Rxe4 f5 52.Rc4 Kg5 53.h4+ Kh5 54.Rf4 Kg6 55.Rd4 Kh5 56.Rf4 Kg6 57.Kc2 Kf6
58.Kb2 Rd3 59.a5 Ke5 60.Ra4 Rd7 61.a6 Ra7 62.f4+ Kd5 63.Kc3 Kc5 64.Ra5+ Kb6
65.Kb4 Ra8 66.a7 Kb7 67.Kb5 Kc7 68.h5 Kb7 69.h6 Kc7 70.h7 Kb7 71.Ra1 Kc7
72.h8=Q Rxh8 73.a8=Q  1-0

[Event "Copenhagen Chess Challenge"]
[Site "Ballerup DEN"]
[Date "2009.05.10"]
[Round "9"]
[White "Brondum,E"]
[Black "Madsen,PH"]
[Result "1/2-1/2"]
[WhiteElo "2138"]
[BlackElo "2074"]

1.Nf3 d5 2.g3 c6 3.Bg2 Nf6 4.d3 Bg4 5.Nbd2 Nbd7 6.h3 Bh5 7.O-O e5 8.e4 dxe4
9.dxe4 Bc5 10.Qe2 O-O 11.g4 Bg6 12.b3 Re8 13.Bb2 a5 14.a4 Qc7 15.Nh4 Nf8
16.Nf5  1/2-1/2

[Event "Rapid"]
[Site "Livry-Gargan FRA"]
[Date "2009.05.10"]
[Round "4"]
[White "Shirazi,K"]
[Black "Barsov,A"]
[Result "1/2-1/2"]
[WhiteElo "2404"]
[BlackElo "2505"]

1.Nf3 d5 2.g3 Bg4 3.Bg2 e6 4.c4 c6 5.cxd5 Bxf3 6.Bxf3 cxd5 7.O-O Nc6 8.d3 g6
9.Nc3 Bg7 10.e4 dxe4 11.dxe4 Nge7 12.Be3 O-O 13.Qb3 Qa5 14.Rad1 Rad8 15.Rxd8 Rxd8
16.Rd1 Rxd1+ 17.Bxd1 Qd8 18.Be2 b6 19.Kg2 Nd4 20.Qd1 Nec6 21.Bf1 h5 22.h4 Qa8
23.f3 Qb7 24.Kf2 b5 25.Qd2 a6 26.Ne2 Nxf3 27.Kxf3 Ne5+ 28.Kf2 Qxe4 29.Bf4 Qf3+
30.Kg1 Ng4 31.Bg2 Qf2+ 32.Kh1 e5 33.Bg5 f6 34.Ng1 fxg5 35.Qd8+ Bf8 36.Qxg5 Qf6
37.Qxf6 Nxf6 38.Nf3 e4 39.Ng5 e3 40.Kg1 Bd6 41.Bb7 a5 42.Kg2 e2 43.Kf2 Bxg3+
44.Kxe2 Bxh4 45.Nf3 Bg3 46.Nd4 b4 47.Nc6 Bc7 48.Bc8 Kf7 49.Kd3 g5 50.Kd4 g4
51.Ke3 h4 52.Nd4 Kg6 53.Ne6 Bb6+ 54.Kf4 h3 55.Kg3 Ba7 56.Nf4+  1/2-1/2

[Event "TCh-NED 2008-9"]
[Site "Netherlands NED"]
[Date "2009.05.10"]
[Round "9"]
[White "Fridman,Raf"]
[Black "Burg,T"]
[Result "1/2-1/2"]
[WhiteElo "2457"]
[BlackElo "2359"]

1.Nf3 d5 2.g3 Nf6 3.Bg2 c6 4.O-O Bg4 5.b3 Nbd7 6.Bb2 e6 7.c4 Bd6 8.d4 Qb8
9.Nbd2 O-O 10.Re1 Re8 11.Rc1 a5 12.a3 Bh5 13.Qc2 Bg6 14.Qd1 Bh5 15.Qc2 Bg6
16.Qd1 Bh5  1/2-1/2

[Event "ch-LTU"]
[Site "Vilnius LTU"]
[Date "2009.05.10"]
[Round "11"]
[White "Zickus,S"]
[Black "Kudzma,L"]
[Result "1-0"]
[WhiteElo "2307"]
[BlackElo "2231"]

1.Nf3 d5 2.g3 g6 3.Bg2 Bg7 4.d4 c5 5.c3 Nd7 6.Qa4 Qb6 7.Nbd2 Nf6 8.dxc5 Qxc5
9.e4 b5 10.Qc2 Bb7 11.Nb3 Qc7 12.Nfd4 a6 13.exd5 Nxd5 14.O-O e5 15.Nf3 Rc8
16.a4 O-O 17.axb5 axb5 18.Qe2 b4 19.c4 N5b6 20.Na5 Bxf3 21.Bxf3 f5 22.Bb7 Rb8
23.Bc6 e4 24.Bf4 Be5 25.Bh6 Rf6 26.Bd5+ Nxd5 27.cxd5 Qc5 28.Nc6 Re8 29.Rfd1 b3
30.Be3 Qd6 31.Bg5 Rf7 32.Nd8 Rff8 33.Ra6 Qc5 34.Rc6 Qa5 35.Ne6 Rf7 36.Qc4 Bxb2
37.Qxb3 Qa3 38.Qc2 Qf3 39.Rb1 Bf6 40.Rc8 Re7 41.Rxe8+ Rxe8 42.Bxf6 Nxf6 43.Qc7 Nh5
44.Ng5  1-0

[Event "Young Stars of the World"]
[Site "Kirishi RUS"]
[Date "2009.05.11"]
[Round "3"]
[White "Stukopin,A"]
[Black "Ganichev,Alex"]
[Result "1-0"]
[WhiteElo "2380"]
[BlackElo "2154"]

1.Nf3 d5 2.g3 Nf6 3.Bg2 c5 4.O-O g6 5.d3 Bg7 6.Nbd2 O-O 7.e4 Nc6 8.Re1 e6
9.Qe2 b6 10.Nf1 h6 11.h4 e5 12.Ne3 Be6 13.c4 dxe4 14.dxe4 Ne8 15.Nd5 Nd6
16.Bd2 f5 17.exf5 gxf5 18.Nxe5 Nxe5 19.Bxh6 Ndf7 20.Bxg7 Kxg7 21.f4 Bxd5
22.Bxd5 Ng4 23.Bxa8 Qd4+ 24.Kg2 Re8 25.Qc2 Rxa8 26.Kf3 Qf6 27.Rad1 Qc6+ 28.Rd5 Nf6
29.Qxf5 Nxd5 30.cxd5 Qb5 31.h5 Rh8 32.b3 Qa6 33.a4 Qa5 34.Re6 Qc3+ 35.Kg2 Qb2+
36.Kh3 Kf8 37.Rc6  1-0

[Event "XXVIII Open"]
[Site "Zalakaros HUN"]
[Date "2009.05.12"]
[Round "5"]
[White "Berczes,C"]
[Black "Kovacs,Laj2"]
[Result "1-0"]
[WhiteElo "2381"]
[BlackElo "2126"]

1.Nf3 d5 2.g3 c5 3.Bg2 Nc6 4.d4 e6 5.O-O Nf6 6.c4 Be7 7.cxd5 exd5 8.dxc5 Bxc5
9.b3 O-O 10.Bb2 Re8 11.Nc3 a6 12.Rc1 Ba7 13.Na4 Bg4 14.a3 Ne4 15.Nc3 Nxf2
16.Rxf2 Qb6 17.Qf1 Qxb3 18.Nd1 Bxf3 19.Bxf3 Bxf2+ 20.Qxf2 Rad8 21.e3 Ne5
22.Be2 Nd3 23.Bxd3 Qxd3 24.Qc2 Qc4 25.Qd2 Qe4 26.Bd4 Rc8 27.Nc3 Qe6 28.Rf1 b5
29.Rf4 Qd7 30.Qd3 Qe6 31.Rf5 Red8 32.Re5 Qh3 33.Rg5 g6 34.Re5 Rc4 35.Qd2 b4
36.Nxd5 b3 37.Bc3 Rb8 38.Nf6+ Kg7 39.Nh5+ Kg8 40.Nf6+ Kg7 41.Nd7 f6 42.Re7+ Kh6
43.Nxb8 Qc8 44.e4+ g5 45.Qd6  1-0

[Event "8th Asian Continental Open"]
[Site "Subic Bay PHI"]
[Date "2009.05.14"]
[Round "2"]
[White "AlHuwar,J"]
[Black "Kim,Alex"]
[Result "1-0"]
[WhiteElo "2293"]
[BlackElo "2481"]

1.Nf3 d5 2.g3 Nf6 3.Bg2 e6 4.O-O Be7 5.d3 O-O 6.Nbd2 c5 7.e4 Nc6 8.Re1 b5
9.e5 Nd7 10.Nf1 a5 11.h4 Re8 12.N1h2 Qc7 13.Bf4 Bf8 14.Ng4 Nd4 15.Ng5 Qd8
16.c3 Nc6 17.c4 Nb6 18.cxb5 Nd4 19.a4 Ra7 20.Nf3 Nf5 21.d4 Rc7 22.Bd2 Nc4
23.Bc3 Ra7 24.b3 Nb6 25.dxc5 Bxc5 26.Nd4 Bb7 27.Qd2 Nd7 28.Rad1 Nxd4 29.Bxd4 Bb4
30.Qf4 Ra8 31.Re3 Rc8 32.Bf1 Nc5 33.h5 h6 34.Nf6+ gxf6 35.exf6  1-0

[Event "XXVIII Open"]
[Site "Zalakaros HUN"]
[Date "2009.05.14"]
[Round "7"]
[White "Romanishin,O"]
[Black "Gonda,L"]
[Result "1/2-1/2"]
[WhiteElo "2501"]
[BlackElo "2522"]

1.Nf3 d5 2.g3 Nf6 3.Bg2 c6 4.O-O Bg4 5.c4 e6 6.Qb3 Qb6 7.d3 Nbd7 8.Be3 Bc5
9.Bxc5 Nxc5 10.Qc3 a5 11.Nbd2 O-O 12.Rfc1 Ncd7 13.b3 h6 14.a3 e5 15.cxd5 cxd5
16.h3 Bxf3 17.Bxf3 Qe6 18.Bg2 Nb8 19.b4  1/2-1/2

[Event "Mitropa Cup w"]
[Site "Rogaska Slatina SLO"]
[Date "2009.05.16"]
[Round "7"]
[White "Novak,Ks"]
[Black "Brunello,M"]
[Result "1/2-1/2"]
[WhiteElo "2174"]
[BlackElo "2166"]

1.Nf3 d5 2.g3 Nf6 3.Bg2 e6 4.O-O Be7 5.d3 O-O 6.Nbd2 c5 7.e4 Nc6 8.e5 Nd7
9.Re1 Qc7 10.Qe2 b5 11.Nf1 Ba6 12.Bf4 Rac8 13.h4 d4 14.Ng5 Bxg5 15.hxg5 c4
16.Nh2 Qb6 17.Qh5 Ne7 18.Be4 Ng6 19.Ng4 Bb7 20.Kg2 Bxe4+ 21.dxe4 Rfd8 22.Rh1 Kf8
23.Qxh7 Ke7 24.Qh2 Qb7 25.f3 d3 26.cxd3 cxd3 27.Rac1 Rh8 28.Qg1 Rxc1 29.Bxc1 Rc8
30.Qd4 Rc2+ 31.Kh3 Qc6 32.Be3 Qc4 33.Qd6+ Ke8 34.Rd1 d2 35.Rxd2 Qf1+ 36.Kh2 Rxd2+
37.Qxd2 Qxf3 38.Nf2 Ngxe5 39.Bxa7 Qh5+ 40.Kg2 Qf3+ 41.Kh3 Qh5+ 42.Kg2 Qf3+
43.Kh3 Qh5+  1/2-1/2